000 00569nam a2200181 4500
008 050517s2000 -hk chi
020 _a9628329502 : HK99/Php510.14
090 _aBV4839.C5
_bYe4i
100 0 _aYeung, Arnold
245 1 0 _a步祂後塵 In His footstep :
_bpray and perseverance {ch} /
_cArnold Yeung.
260 _aHong Kong :
_b Renewal Resource (H.K.) pte,
_cLtd.,
_c2000.
300 _a317 p.
490 1 _aContemporary exegesis series
650 4 _aDevotional exercises {ch}.
650 4 _aMeditations {ch}.
951 _x00030872
942 _2lcc
999 _c23328
_d23328